000 00203nam a2200073Ia 4500
008 180219s9999 xx 000 0 und d
100 _aYadav K P
245 0 _aEncyclopaedia Of Child And Primary Education
260 _aNew Delhi Sarup Soni
999 _c41374
_d41374